MTV's 'The Challenge' Countries Visited Quiz Stats

 Plays Quiz not verified by Sporcle

Score 0/25 Timer 04:00
0 Plays Today
% Correct
Mexico
94.8%
United States
90.1%
Canada
84.9%
Thailand
81.9%
Spain
81.3%
Brazil
80.6%
Argentina
78.4%
Australia
75.8%
Turkey
72.6%
South Africa
71.2%
Germany
70%
New Zealand
65.9%
Chile
64.3%
% Correct
Iceland
61.9%
Colombia
61.3%
Panama
61.1%
Czechia
60.5%
Costa Rica
57.9%
Uruguay
53.2%
Norway
51.2%
United Kingdom
50%
Dominican Republic
47%
Jamaica
44%
Namibia
39.1%
Trinidad and Tobago
32.3%

You're not logged in!

Compare scores with friends on all Sporcle quizzes.
OR
Log In

Sporcle TV

Today on Sporcle TV


Watch our educational content, quiz creation guides, and fun videos on Sporcle TV.

Show Comments

Extras

Top Quizzes Today


Score Distribution

Your Account Isn't Verified!

In order to create a playlist on Sporcle, you need to verify the email address you used during registration. Go to your Sporcle Settings to finish the process.

Report this User

Report this user for behavior that violates our Community Guidelines.

Details: